[Event "American Continental 2nd"]
[Site "Buenos Aires"]
[Date "2003.08.22"]
[Round "5"]
[White "Milos, Gilberto"]
[Black "Kudrin, Sergey"]
[Result "1-0"]
[WhiteElo "2592"]
[BlackElo "2538"]
[Annotator "Rogozenco,D"]
[PlyCount "101"]
[EventDate "2003.08.17"]
[EventType "swiss"]
[EventRounds "11"]
[EventCountry "ARG"]
[SourceTitle "CBM 097"]
[Source "ChessBase"]
[SourceDate "2003.11.11"]
[SourceVersion "1"]
[SourceVersionDate "2003.11.11"]
[SourceQuality "1"]

1. e4 c5 2. Nf3 d6 3. d4 cxd4 4. Nxd4 Nf6 5. Nc3 g6 6. Be3 Bg7 7. f3 Nc6 8. Qd2
O-O 9. Bc4 Bd7 10. O-O-O Qa5 11. Bb3 Rfc8 12. g4 Ne5 13. h4 b5 (13... Nc4) (
13... Rc4) 14. h5 Nc4 (14... b4 $5) 15. Bxc4 bxc4 16. hxg6 {In some
theoretical sources taking on g6 now is considered to be premature, since it
gives black king more space. However, this only matters if White goes for a
quick attack. In the present game White has a different approach - he defends
the queenside first and then slowly prepares kingside active actions.} (16. Bh6
Bh8 17. Nf5 $1 {The most critical attempt, which in fact puts under question
Black's opening play. Now his position is highly dangerous. The below given
games confirm it.} (17. Kb1 Qb6 18. hxg6 fxg6 19. Qh2 Rab8 20. Bc1 $14 {
1-0 Jakovenko,D-Cebalo,M/Saint Vincent 2001 (46)}) 17... Bxf5 (17... Re8 18.
hxg6 (18. Qg5 {is not bad either:} Qb6 $140 19. hxg6 fxg6 20. Bg7 $1 Bxg7 21.
Nxg7 Reb8 (21... Kxg7 22. Nd5 $40) 22. Nh5 Nxh5 (22... d5 23. Nxf6+ exf6 24.
Qh6 Be6 25. Qxh7+ Kf8 26. Qh8+ Ke7 27. Rh7+ Kd6 28. Qxf6 $18 {1-0 Lakos,
N-Cebalo,M/Oberwart 2003 (29)}) 23. gxh5 Be8 (23... Qxb2+ 24. Kd2 Be8 25. hxg6
Bxg6 26. Rxh7 $18) 24. b3 $16 {1-0 Nunn,J-Ward,C/England 1998 (39)}) 18... fxg6
19. Bg7 $1 Bxg7 20. Nxg7 Kxg7 ({Probably better is} 20... Reb8 21. g5 Qb4 {
and now:} 22. Qf4 ({or} 22. Qh2 Qxb2+ 23. Kd2 Rb3 $1 24. axb3 cxb3 25. gxf6
Qxc2+ 26. Ke3 Qxc3+ 27. Kf2 Qc5+ $13) 22... Qxb2+ 23. Kd2 Qb6 24. Nf5 Nxe4+ $1
25. fxe4 gxf5 26. exf5 Qc5 27. f6 Bf5 $13 {All these lines need practical
tests - it is clear that Black is walking on the edge.}) 21. Qh6+ Kf7 (21...
Kg8 22. g5 Qe5 23. gxf6 Qxf6 24. Qxh7+ Kf8 25. Rdg1 {1-0 Hersvik,D-Jensen,B/
Helsinki 1999 (25)}) 22. g5 Nh5 23. Rxh5 Rh8 24. Rh4 Rab8 (24... Qe5 25. f4 Qg7
26. Qxg7+ Kxg7 27. e5 $16) 25. Rf4+ Kg8 26. Nd5 Qd8 27. Nf6+ {1-0 Namyslo,
H-Duart Fernandez,J/EU-ch M corr 1997 (27)}) 18. exf5 (18. gxf5 $5 Nxh5 $13)
18... Rab8 19. hxg6 fxg6 (19... Qb4 20. Qe3 Rc5 21. g7 Bxg7 22. Bxg7 Kxg7 23.
Qh6+ Kg8 24. g5 Qxb2+ 25. Kd2 Rb3 26. axb3 cxb3 27. gxf6 Qxc3+ 28. Ke2 Qxc2+
29. Rd2 Re5+ 30. Kf2 Qc5+ 31. Kg2 $18 {1-0 Andersen,A-Hersvik,D/Oslo 2003 (35)}
) 20. Qe3 $1 Qe5 21. Qxe5 dxe5 22. g5 Ne8 23. Nd5 Rb7 24. fxg6 hxg6 25. Bf8
Kxf8 26. Rxh8+ Kf7 27. Ne3 $16 {1-0 Ribli,Z-Ree,H/Amsterdam 1973 (71)}) 16...
fxg6 17. Kb1 (17. Qh2 Rab8 18. Nd5 c3 19. Nxf6+ exf6 20. Qxh7+ Kf7 21. Nf5 gxf5
22. Rxd6 cxb2+ 23. Kb1 Qa4 24. Rd2 Rh8 {0-1 Aijala,J-Ljubojevic,L/Dresden 1969/
D Inf 08 (24)}) 17... Rab8 18. Ka1 Qb4 19. Qc1 $5 $146 {A slightly surprising
novelty. The queen defends b2 and thus will not be able to really participate
in the kingside attack. On the other hand all other white pieces can do it.} (
19. Rb1 Rc5 20. a3 (20. g5 Nh5 21. Nf5 Rxf5 (21... gxf5 22. Bxc5 Qxc5 23. Rxh5
fxe4 24. fxe4 $16 {1-0 Kulaots,K-Bisby,D/Witley 1998 (29)}) 22. exf5 Bxf5 23.
Bxa7 Rb7 24. Be3 e6 25. Rhc1 d5 $44 {0-1 Loayza,L-Padilla,H/Lima 2002 (56)})
20... Qb7 21. Nde2 Ra5 22. Bd4 e5 23. Be3 Qa6 24. Nc1 Be6 25. g5 Nh5 26. Rd1
Bf8 27. N1a2 Ng7 28. f4 Nh5 29. f5 gxf5 30. exf5 Bxf5 31. Nd5 $44 {1/2-1/2
Rogers,I-Cebalo,M/Baden 1999 (72)}) 19... Be8 {Protects against the threat 20.
g5 followed by Nd5, but weakens square e6.} (19... Qb7 20. Bh6 Bh8 21. Rh4 $14
{[%cal Gh6e3,Yd1h1]}) 20. a3 Qb7 21. Ne6 Bh8 22. Rh4 Rc6 {This understandable
desire to transfer the rook to the sixth rank allows an unexpected reply,
based on a newly created tactical motif. The position still remains very tense.
} (22... Bd7 23. Ng5 Bg7 24. Rdh1 $140 h6 $13) 23. e5 $1 Bf7 (23... dxe5 24.
Nd8 $16) 24. Ng5 dxe5 25. Rdh1 h5 (25... Bg7 26. Nxh7 Nd5 27. Bd2 $14) 26. gxh5
Nxh5 27. Nxf7 Kxf7 28. Ne4 Bf6 29. Rg4 Rg8 $6 {Inaccuracy, allowing white
queen to transfer herself to a much more active square.} (29... Bg7 $5) 30. Qd2
$1 Rcc8 31. Qc3 {[%csl Rf7,Rh5] White has excellent compensation for the pawn.
All his pieces are active and Black must play very accurate in order to
prevent White's initiative to become decisive.} Qd5 32. Rh2 Qd1+ 33. Ka2 Rgd8 (
33... Qxf3 34. Ng5+ Bxg5 35. Rxg5 (35. Rf2 Qxf2 36. Bxf2 Bf4 37. Bxa7 Nf6 38.
Rg1 $14) 35... Nf6 36. Rxe5 $14) 34. Rhg2 Qxf3 35. Ng5+ Bxg5 36. Rxg5 (36. Rf2
Qxf2 37. Bxf2 Bf4 38. Bxa7 Nf6 39. Rg1 $14) 36... Nf6 (36... Rc6 $4 37. Rf2)
37. Rxg6 Rd5 $4 {After a tense battle Black overlooks a tactical idea.} (37...
Ke6 $5 38. R2g5 Rd5 $14) 38. Rg7+ $1 Ke6 39. Rxe7+ $1 Kxe7 40. Bc5+ $18 Rcxc5
41. Qxf3 e4 42. Rg7+ Ke6 43. Qh3+ Rf5 44. Rxa7 Rce5 45. Qc3 Rc5 46. Qd4 Rfe5
47. Ra6+ Kf7 48. Qd8 Rf5 49. Ra7+ Kg6 50. Qf8 Rfe5 51. Ra6 1-0

[Event "CZE-ch"]
[Site "Karlovy Vary"]
[Date "2005.02.10"]
[Round "10"]
[White "Haba, Petr"]
[Black "Klima, Lukas"]
[Result "1-0"]
[WhiteElo "2525"]
[BlackElo "2484"]
[Annotator "Rogozenco,D"]
[PlyCount "75"]
[EventDate "2005.02.01"]
[EventType "tourn"]
[EventRounds "11"]
[EventCountry "CZE"]
[EventCategory "11"]
[SourceTitle "CBM 106"]
[Source "ChessBase"]
[SourceDate "2005.06.06"]
[SourceVersion "1"]
[SourceVersionDate "2005.06.06"]
[SourceQuality "1"]

1. e4 c5 2. Nf3 d6 3. d4 cxd4 4. Nxd4 Nf6 5. Nc3 g6 6. Be3 Bg7 7. f3 O-O 8. Qd2
Nc6 9. Bc4 Bd7 10. O-O-O Qa5 11. h4 Rfc8 12. Bb3 Ne5 13. Kb1 Nc4 14. Bxc4 Rxc4
15. Nb3 $1 Qa6 {A difficult opening variation for Black. Playing such
positions without an improvement in mind is hardly a wise decision.} (15... Qd8
$142 {is relatively best, trying to use the queen for defense.} 16. e5 (16. Bh6
Bxh6 17. Qxh6 Qf8 $14 {/=}) 16... Ne8 (16... dxe5 17. Nc5 $16) 17. h5 Bxe5 18.
hxg6 hxg6 19. Bd4 Rxd4 20. Nxd4 Bg7 21. g4 $14) 16. e5 ({Another strong move is
} 16. h5 $40) 16... dxe5 (16... Ne8 17. h5 (17. Nd5 Bxe5 18. Nxe7+ Kf8 19. Nd5
Rac8 20. Rc1 $14) 17... Rac8 18. hxg6 hxg6 19. g4 $16 {1-0 Berg,E-Molander,R/
Stockholm 2004 (28)}) 17. Nc5 Rxc5 ({Under the circumstances preferable is} 
17... Qd6 18. Qe2 Rd4 {although after taking the exchange White's advantage is
out of question anyway}) 18. Bxc5 Re8 (18... Be6 19. Bxe7 $16) (18... e6 19. h5
$16 {0-1 Jonsson,B-Trifunov,D/Odessa 1990 (62)}) 19. h5 {With an exchange up
and no weaklnesses White is close to winning. The worst thing for Black is
absence of counterplay.} Be6 20. hxg6 fxg6 {This and next move look like a
desperate attempt to find counteplay in a lost position.} (20... hxg6 21. Rh4
$16 {[%cal Gd1h1,Yc5e3,Ye3h6] /+-}) 21. Rh4 e4 (21... Rc8 22. Ba3 $18) 22. fxe4
Rc8 23. Ba3 $1 (23. Be3 $4 Rxc3 24. Qxc3 Qxa2+ 25. Kc1 Qa1+ 26. Kd2 Nxe4+ $19)
(23. Bxe7 Nxe4 $1 24. Rxe4 Bxc3 25. Rxe6 Qxe6 26. Qd7 Qxd7 27. Rxd7 Be5 28.
Rxb7 $18) 23... g5 24. Rhh1 (24. Qxg5 Rxc3 25. Rd8+ Kf7 26. Rf4 {[%cal Gg5h5]
Defending against ...Qf1 and threatening mate in one.} Qe2 27. bxc3 $18) 24...
b5 25. Nd5 Nxe4 26. Qd3 Rc4 27. Nxe7+ Kf7 28. Rhf1+ {White can win in many
ways. He has material advantage and the decisive attack.} (28. Rxh7 $18) 28...
Bf6 29. Nd5 Bxd5 30. Qxd5+ Qe6 31. Qxb5 Rc6 32. Qd5 Qxd5 33. Rxd5 Kg6 34. Re1
Re6 35. Bb4 h5 36. c4 Rb6 37. Rxe4 Rxb4 38. b3 1-0

[Event "Hastings 9798"]
[Site "Hastings"]
[Date "1998.01.02"]
[Round "4"]
[White "Rausis, Igors"]
[Black "Ward, Christopher"]
[Result "1/2-1/2"]
[WhiteElo "2490"]
[BlackElo "2485"]
[Annotator "Schulz,Andre"]
[PlyCount "105"]
[EventDate "1997.12.29"]
[EventType "tourn"]
[EventRounds "9"]
[EventCountry "ENG"]
[EventCategory "13"]
[SourceTitle "CBM 063"]
[Source "ChessBase"]
[SourceDate "1998.03.26"]
[SourceVersion "1"]
[SourceVersionDate "1998.03.26"]
[SourceQuality "1"]

1. e4 c5 2. Nf3 d6 3. d4 cxd4 4. Nxd4 Nf6 5. Nc3 g6 6. Be3 Bg7 7. f3 Nc6 8. Qd2
O-O 9. Bc4 Bd7 10. O-O-O Qa5 {Eine Spezialität von Chris Ward.} 11. Bb3 Rfc8
12. h4 Ne5 13. Kb1 Nc4 14. Bxc4 Rxc4 15. Nb3 Qc7 (15... Qa6) (15... Qd8) 16.
Bh6 (16. Bd4) 16... Bh8 17. h5 Rxc3 18. bxc3 (18. Qxc3 Qxc3 19. bxc3 Nxh5 $15)
18... Be6 (18... Nxh5 $4 19. Rxh5 $18) 19. hxg6 fxg6 20. Be3 a5 21. Bd4 a4 22.
Nc1 Ra5 (22... Rc8 23. g4 Qa5 24. Rh4 Rc4 25. Rdh1 Rxd4 $2 (25... Nxe4 26. fxe4
Bxd4 $40) 26. Qxd4 Nxe4 27. Qxh8+ $2 (27. Qxe4 $1 Qxc3 28. Qxe6+ Kf8 29. Qc8+
$1 Qxc8 30. Rxh7 $18) 27... Kxh8 28. Rxh7+ Kg8 29. fxe4 Qxc3 $17 30. Rxe7 Qb4+
31. Ka1 Qxe4 32. Rhh7 Qd4+ 33. Kb1 Bd5 34. Rc7 $2 (34. a3) 34... Qb6+ 35. Ka1
a3 {0-1 Sandor,C-Kahn,E/Budapest FS05 IM 1996/EXP 52}) 23. g4 Rb5+ 24. Ka1 Bxg4
$5 {In der Mega 98 habe ich sieben Partien gefunden, in denen Chris Ward auf
g4 mit dem B einschlägt. Halten Sie Ihren g-Bauern fest, wenn Sie mal gegen
ihn spielen.} 25. fxg4 Nxe4 26. Qe3 Qxc3+ 27. Qxc3 (27. Bxc3 Bxc3+ 28. Qxc3
Nxc3 29. Nd3 Nxd1 30. Rxd1 Kf7 $15) 27... Nxc3 28. Ne2 (28. Bxc3 $4 Bxc3#)
28... Nxd1 $6 ({Nach} 28... Nxe2 29. Bxh8 Kxh8 30. Rhe1 Re5 $17 {hat Schwarz
drei Bauern für die Qualität und müsste besser stehen.}) 29. Rxd1 Bxd4+ 30.
Rxd4 $11 {Hier hat Weiß eine bessere Figurenaufstellung als nach 27.Bc3.} a3
31. Nc3 Rc5 32. Nb1 Rxc2 33. Nxa3 Rg2 34. Rb4 Kf7 35. Nb1 (35. Rxb7 Rxg4 {
und der h-Bauer wird schnell.}) 35... h5 36. gxh5 gxh5 37. Rxb7 h4 38. Rb3 e5
39. Rh3 Rg4 40. Nc3 Rg3 41. Rxg3 hxg3 42. Kb2 d5 43. Ne2 g2 44. Kc3 Ke6 45. Kd3
d4 46. Ke4 Kd6 47. Kf3 d3 48. Kxg2 $11 (48. Ng1 $4 e4+ $19) 48... dxe2 49. Kf2
Kc5 50. Kxe2 Kb4 51. Ke3 Ka3 52. Ke4 Kxa2 53. Kxe5 1/2-1/2

[Event "VISA GP"]
[Site "Reykjavik"]
[Date "1998.03.17"]
[Round "8"]
[White "Stefansson, Hannes"]
[Black "Ward, Christopher"]
[Result "0-1"]
[WhiteElo "2540"]
[BlackElo "2480"]
[Annotator "Schulz,Andre"]
[PlyCount "68"]
[EventDate "1998.03.10"]
[EventType "swiss"]
[EventRounds "9"]
[EventCountry "ISL"]
[SourceTitle "CBM 064"]
[Source "ChessBase"]
[SourceDate "1998.06.02"]
[SourceVersion "1"]
[SourceVersionDate "1998.06.02"]
[SourceQuality "1"]

1. e4 c5 2. Nf3 d6 3. d4 cxd4 4. Nxd4 Nf6 5. Nc3 g6 6. Be3 Bg7 7. f3 Nc6 8. Qd2
O-O 9. Bc4 Bd7 10. O-O-O Qa5 11. h4 Ne5 12. Bb3 Rfc8 13. Kb1 Nc4 14. Bxc4 Rxc4
15. Nb3 Qc7 (15... Qa6) (15... Qd8) (15... Qe5) 16. Bd4 Be6 17. h5 a5 18. a4 b5
(18... Rb4 19. hxg6 hxg6 20. Rh4 b5 21. Nxb5 Qc4 22. Nc3 Rab8 23. Rdh1 Qc8 24.
e5 Nh5 25. exd6 Bxb3 26. cxb3 Rxb3 27. Bxg7 Rxb2+ 28. Qxb2 {1/2-1/2 Wood,
D-Ward,C/Lloyds Bank op 1994/EXP 43}) 19. Nxb5 Qb8 (19... Qb7 {0-1 Wagner,
H-Hubert,R/FRG op-ch 1986/EXT 97 (38)}) 20. Nc3 Rb4 21. hxg6 hxg6 22. Bxf6 {
Zweischneidig. Der schützende Nf6 wird entfernt, aber der Bg7 kommt mächtig
ins Spiel.} (22. Rh4 Qb7 23. Rdh1 Rb8 24. g4 Bxb3 25. cxb3 Rxd4 26. Qxd4 Qxb3
27. R4h2 (27. Nd5) 27... Nh5 (27... Nh7) 28. Qe3 Bxc3 29. gxh5 Qa3 30. Qc1 Be5
{1/2-1/2 Forchert,M-Wisskirchen,A/NRW-II 1995/GER 10 (51)}) 22... Bxf6 23. Nd5
Bxd5 24. Qxd5 $1 {[%csl Rf7,Rg6][%cal Yd5f7]} (24. exd5 $2 Rxa4 25. Z0 $140 Rb4
26. Z0 a4 $19) 24... Ra6 $1 {Schwarz hat jetzt zwei starke Drohungen: 1. Rxa4,
Rb4, a4 mit Angriff auf b2, 2. Rab6, Rxb3, Rxb3 ebenfalls mit Angriff auf b2.}
(24... Rxa4 25. Rh6 $132) 25. f4 $2 (25. Rh6 $1 {[%cal Rh6g6] ist ein
gefährlicher Gegenangriff:} e6 (25... Kg7 $2 26. Rdh1 $40) 26. Qd2 Rab6 (26...
Rc6 27. Rdh1 Rxc2 28. Qxc2 Rxb3 29. Kc1 Rxb2 30. Rh8+ Bxh8 31. Rxh8+ Kxh8 32.
Qxb2+ Qxb2+ 33. Kxb2 {-26.Rab6}) 27. Rdh1 Rxb3 28. cxb3 Rxb3 29. Kc1 Qb6 $1 $19
(29... Rxb2 30. Rh8+ Bxh8 31. Rxh8+ Kxh8 32. Qxb2+ Qxb2+ 33. Kxb2)) (25. Rh7 e6
26. Qd3 Rab6 27. Rdh1 Rxb3) 25... e6 26. Qd3 Rab6 27. Rh3 Rxa4 28. f5 d5 29.
fxe6 Qe5 30. exf7+ Kf8 31. c3 Rxb3 32. exd5 Rab4 33. Rd2 Qe1+ 34. Ka2 Qc1 0-1

[Event "POL-ch 53rd"]
[Site "Brzeg Dolny"]
[Date "1996.??.??"]
[Round "15"]
[White "Bobras, Piotr"]
[Black "Grabarczyk, Bogdan"]
[Result "0-1"]
[WhiteElo "2355"]
[BlackElo "2420"]
[Annotator "Schulz,Andre"]
[PlyCount "60"]
[EventDate "1996.03.09"]
[EventType "tourn"]
[EventRounds "15"]
[EventCountry "POL"]
[EventCategory "9"]
[SourceTitle "CBM 053"]
[Source "ChessBase"]
[SourceDate "1996.08.01"]
[SourceVersion "1"]
[SourceVersionDate "1996.08.01"]
[SourceQuality "1"]

1. e4 {Johnson,M} c5 2. Nf3 d6 3. d4 cxd4 4. Nxd4 Nf6 5. Nc3 g6 6. Be3 Bg7 7.
f3 Nc6 8. Qd2 Bd7 9. Bc4 O-O 10. O-O-O Qa5 {The main line from the late 60'/
early 70' was pushed away competely by the ths system with Rac8, but nowadays
it's refreshed with some new ideas from specialists like e.g. C.Ward. Die alte
Hauptvariante der späten 60'/frühen 70' war lange Zeit völlig durch 10...Rc8
verdrängt. Heute wird sie ab und an wieder von ein paar Spezialisten, wie z.B.
C.Ward gespielt.} 11. Bb3 Rfc8 12. h4 Ne5 13. g4 {g2-g4 as a preparation for
h4-h5 makes no good impression. Specially the f3 is weak now and could serve
for some black combination. g2-g4 als Vorbereitung von h4-h5 macht immer einen
etwas lahmen Eindruck. Außerdem wird der Bauer f3 geschwächt, was Schwarz
häufig als Motiv für Kombinationen dient.} (13. h5) 13... Rc4 $5 {/\ Rxd4,
Nxf3 The "sacrifice" of the exchange in the dragon is quite normal for Black.
Usually the N on c3 is taken, but also a Nd5 or a Bg5 can be the victim of the
c-file kamikaze rook. When sacrifice the rook, black of course wants to have
some kind of compensation. Generally the damaging of the pawn structure before
the white king is quite enogh, or the eliminating of a dangerous attacker. In
this case black has certain success because after exchanging c4 he could get
the Be3. With no blacksquared B white will find it difficult to gain an attack.
Fourthermor blach has a hidden motive, here.   Qualitäts"opfer" gehören in der
Drachenvariante zum täglichen Brot. Meistens wird dabei der weiße Nc3 vor der
langen Rochade geschlagen, aber auch ein Nd5 oder ein Bg5 sind bisweilen Opfer
des c-Linienkamikazeturms. Wenn Schwarz seinen Turm hergibt, möchte er
natürlich irgendetwas dafür einhandeln. Als Motivation genügt entweder die
Zetrümmerung der Rochadestellung oder die Beseitigung eines gefährlichen
Angreifers. Im vorliegenden Fall könnte Schwarz nach Nehmen auf c4 den Be3
gegen den Nc4 tauschen, was ein gewisser Erfolg ist. Wenn Weiß keinen
schwarzferldrigen Läufer mehr hat, dann kann der Bg7 nicht mehr getauscht
werden und der weiße Rochadeangriff gestaltet sich sehr schwierig. Außerdem
hat Schwarz hier noch einen Hintergedanken.  Nimmt Weiß nicht auf c4, dann
verdoppelt Schwarz die Türme, außerdem kann einmal unangehm Rxd4 kommen. An
interesting but dubious idea (Johnson,B)} (13... b5 {Johnson,M}) (13... Nc4 {
Johnson,M} 14. Bxc4 Rxc4 15. Nb3 Qa6 16. Bd4 Rac8 17. Kb1 e5 18. Be3 Bxg4 19.
Rhf1 Rxc3 20. bxc3 Bxf3 21. Qxd6 Bxd1 22. Qxa6 bxa6 23. Rxd1 Nxe4 24. Rd7 Nxc3+
{0-1 Cullip,S-Ward,C/Guildford 1991}) 14. Bxc4 $2 {Of course, White is not in
the mood to tolerate this rook to much time at c4. But it seems to be better
to wait with the exchange. Or is there somebody wants to play the white pieces
after move 16? Weiß will sich verständlicherweise nicht von diesem Turm auf
der Nase herumtanzen lassen. Aber es ist wohl besser, mit dem Schlagen noch zu
warten. Oder gibt es jemanden, der die Stellung nach dem 16.Zug lieber mit
Weiß spielen möchte?} (14. g5 Nh5 (14... Rxd4 $2 15. Bxd4 Nxf3 16. Qf2 $1 Nxd4
17. Rxd4 Nh5 18. Qxf7+ Kh8 19. Rd3 $18) 15. f4 Nf3 (15... Rxd4 16. Qxd4 Ng4 17.
e5 $13) 16. Nxf3 Rxc3 17. e5 Rxc2+ 18. Bxc2 Qxa2 19. Qd5 Qa1+ 20. Kd2 Qxb2 21.
Rb1 Bc6 22. Qxc6 Qxb1 23. Rxb1 bxc6 24. Rb7 $16 {Klovans-Rausis/Riga/1986/})
14... Nxc4 15. Qd3 Qb4 $3 $146 {two exclamation marks for the idea comming
nect move. Zwei Ausrufezeichen für die im nächsten Zug sichtbar werdende Idee.
N} (15... b5 {the only alternative until now. war bisher der Pflichtzug.}) 16.
Nb3 $8 Nxe4 $1 17. fxe4 $2 (17. Nxe4 {is more critical. ist der kritische Zug.}
Nxb2 18. Qd5 (18. Qd2 Qa3 19. Kb1 (19. Qa5 Ba4 $19) 19... Nc4 (19... Nxd1 20.
Bd4) 20. Qc1 Bb2 21. Bc5 dxc5 (21... Bxc1 22. Bxa3 Bxa3 $17) 22. Qf4 Bd4 23.
Qc1 Qxc1+ 24. Kxc1 $17 (24. Rxc1 $4 Na3#)) 18... Qa3 (18... Nxd1 $2 19. Rxd1
Qa3+ 20. Kd2 Qxa2 $13) 19. Rde1 (19. Bd4 $142 {Johnson,M} Nxd1+ 20. Kxd1 Bc6
21. Qg5 Bxd4 22. Nxd4 Bxe4 23. fxe4 Qxa2 $17) 19... Bc6 20. Qg5 {Die weiße
Dame ist außer Spiel und die Rochadestellung den schwarzen Angriffskräften
schutzlos ausgeliefert.} (20. Qd2 $2 Nc4+ $19) (20. Qa5 $2 Na4+ 21. Kb1 (21.
Kd2 Bxe4 22. fxe4 Bc3+) 21... Qb2#) 20... a5 {mit entscheidendem Angriff,z.B.:}
(20... f6 $2 21. Qa5 $16) (20... d5 $5) 21. Kd2 (21. Kb1 Bxe4 22. fxe4 (22. Bc1
Bxc2+ 23. Kxc2 Qxa2 $19) 22... Nd1 23. Bd4 Bxd4 $19) 21... a4 22. Nd4 (22. Qxe7
Nc4+ 23. Ke2 (23. Kd3 axb3 24. axb3 Ne5+ 25. Ke2 Qb2 26. Rc1 Re8 27. Qc7 Nxf3
28. Nxd6 Rxe3+ 29. Kxe3 Qc3+ 30. Kf2 Bd4+ 31. Kg2 Ng5+ 32. Kf1 Qf3+ 33. Ke1
Bc3#) 23... Nxe3 24. Kxe3 Re8 25. Qg5 axb3 $19) 22... Nc4+ $19) (17. Qxe4 $2
Bxc3 18. bxc3 (18. Bd4 {Johnson,M} Nxb2 19. Bxc3 Qxc3 20. Rd4 Rc8 $19) 18...
Qa3+ 19. Kb1 Qb2#) (17. Nd5 $2 Bxb2+ 18. Kb1 Nc3+ 19. Nxc3 Bxc3 $19) 17... Bxc3
18. Bd4 (18. bxc3 $2 Qa3+ $19) (18. Qxc3 Qxc3 19. bxc3 Nxe3 $17 (19... Nxe3 {
Johnson,M} 20. Rd4 Nxg4 $17)) 18... Bxd4 19. Qxd4 Bxg4 $17 20. Rde1 (20. Rdf1
$142) 20... a5 21. Rhg1 h5 22. c3 Qb5 23. Qf2 (23. Qd5 $17 {Johnson,M}) 23...
e5 (23... Ne5 $19 {xd3,xf3}) (23... Ne5 $1 $19) 24. Kb1 Rc8 25. Nc1 d5 26. exd5
Qxd5 27. Ka1 a4 28. Rg3 e4 29. Qc2 Bf5 30. Qxa4 $2 Qd2 0-1